000 00651nam a22002297a 4500
005 20220517123654.0
008 220517b ||||| |||| 00| 0 eng d
020 _a9789381667811
040 _aIN-DiNC
_cIN-DiNC
041 _dasm
082 _a320.01
100 _aPal Kripesh Chandra
_eauthor
245 _aAdhunik rajnaitik darshan
_cby Kripesh Chandra Pal
250 _a1st ed.
260 _aGuwahati
_bArun prakashan
_c2022
300 _a144p.
650 _aModern political philosophy
700 _aPratul Chandra Nayak
_eauthor
700 _aRatul Chandra Kalita
_eauthor
700 _aMainul Haque Choudhury
_eauthor
942 _2ddc
_cBK
999 _c11280
_d11280